Welcome to CU Library Online Public Access Catalogue (OPAC)

Basic College Mathematics/ (Record no. 455)

MARC details
000 -LEADER
fixed length control field 00653nam a22001937a 4500
005 - DATE AND TIME OF LATEST TRANSACTION
control field 20241031131215.0
008 - FIXED-LENGTH DATA ELEMENTS--GENERAL INFORMATION
fixed length control field 241031b |||||||| |||| 00| 0 eng d
020 ## - INTERNATIONAL STANDARD BOOK NUMBER
International Standard Book Number 9780077483364
050 ## - LIBRARY OF CONGRESS CALL NUMBER
Classification number QA37.3
Item number .M47
100 ## - MAIN ENTRY--PERSONAL NAME
Personal name Messersmith, Sherri
245 ## - TITLE STATEMENT
Title Basic College Mathematics/
Remainder of title with power learning
Statement of responsibility, etc. Sherri Messersmith, Lawrence Perez ,Robert S. Feldman, William C. Mulford(contributor)
260 ## - PUBLICATION, DISTRIBUTION, ETC.
Place of publication, distribution, etc. New York
Name of publisher, distributor, etc. McGraw-Hill Companies
Date of publication, distribution, etc. 2014
300 ## - PHYSICAL DESCRIPTION
Extent xxvi.764,26,16,27p.
Other physical details ill. some color
Dimensions 27.5cm
650 ## - SUBJECT ADDED ENTRY--TOPICAL TERM
Source of heading or term Mathematics
700 ## - ADDED ENTRY--PERSONAL NAME
Personal name Perez, Lawrence
700 ## - ADDED ENTRY--PERSONAL NAME
Personal name Feldman, Robert S.
700 ## - ADDED ENTRY--PERSONAL NAME
Personal name Mulford, William C.
942 ## - ADDED ENTRY ELEMENTS (KOHA)
Source of classification or shelving scheme Library of Congress Classification
Koha item type Books
Suppress in OPAC No
999 ## -
-- 455
-- 455
Holdings
Withdrawn status Lost status Source of classification or shelving scheme Damaged status Not for loan Collection Home library Current library Shelving location Date acquired Total checkouts Full call number Barcode Date last seen Copy number Price effective from Koha item type
    Library of Congress Classification     Non-fiction Science Library (Miotso) Science Library (Miotso) General stacks 10/31/2024   QA37.3 .M47 MES SLM00000256 10/31/2024 1 10/31/2024 Books
© 2023-2024 Copyright: Central University Libraries. All Rights Reserved | Created by: Mahone Tech Office